000 00654nam a2200181 4500
001 111949
003 ES-MaACL
005 20251005063106.0
007 t|
008 061121s1920 xxk r ||||1| eng d
100 0 _aJuan Enrique Newman,
_cBeato,
_d1801-1890
_9162508
245 1 0 _aLetters and correspondence of John Henry Newman during his life in the English Church, with a brief autobiography /
_cedited at cardinal Newman's request by Anne Morley.
260 _aLondon :
_bLongmans Green and Co.,
_c1920.
300 _a2 v. ;
_c19 x 12 cm.
700 1 _aMorley, Anne.
_983600
852 _aES-MaACL
_jA-3328-29
999 _c111949
_d111949